000 01603cam a22004694i 4500
003 PE-LiUPU
005 20250731165526.0
008 150623s1983 sp r 000 0 spa d
020 _a8425413370
035 _a(Sirsi) i9788425413377
040 _aPE-LiUPU
_bspa
_cPE-LiUPU
_erda
049 _aPRUA
082 0 4 _a230.03
_bA56
_221
100 1 _aAncilli, Ermanno,
_eautor.
245 1 0 _aDiccionario de espiritualidad :
_bEpìritu Santo-oficio divino.
_n2 /
_cErmanno Ancilli.
264 1 _aBarcelona, España :
_bEditorial Herder,
_c1983.
300 _a726 páginas ;
_c25 centímetros
336 _atext
_2rdacontent
337 _aunmediated
_2rdamedia
338 _avolume
_2rdacarrier
505 0 _aDiccionario de espiritualidad.
526 _aSEG44
526 _aSEG26
526 _aP151
526 _aP150
526 _aP149
526 _aP146
526 _aP145
526 _aP126
526 _aP125
526 _aP92
526 _aP75
526 _aP74
526 _aP27
526 _aP15
942 _2ddc
_cBOOK
949 _aRC 230.03 A56 2
_wDEWEY
_c1
_i22489
_d2015-11-2
_lCCODEBUL1
_mBUL
_q1
_r0
_sY
_tBOOK
_u2015-6-24
_xTEOLOGIA
_PP35
_0COMPRA
_o.CIRCNOTE. No olvidar cambiar la fecha de devolución!!!!!!!
_o.STAFF. Colección General
994 _aC0
_bPEPRU
596 _a1
999 _aRC 230.03 A56 2
_wDEWEY
_c36000
_i22489
_d36000
_f2021-11-8
_g6
_lCCODEBUL1
_mBUL
_p25.00
_q1
_r1
_sY
_tBOOK
_u2015-6-24
_xTEOLOGIA
_PP35
_0COMPRA
_o.CIRCNOTE. No olvidar cambiar la fecha de devolución!!!!!!!
_o.STAFF. Colección Teología
980 _81
_gALBERTO SANCHEZ Responsable de Automatización